Informačné a komunikačné technológie (IKT) v obchode a marketingu

Problematika zavádzania informačných a komunikačných technológií do maloobchodnej činnosti, rovnako ako aj do marketingových aktivít s dôrazom na výkonnosť, ale aj bezpečnosť. Efektívnosť IKT riešení v elektronických odbytových kanáloch, ako aj adaptačné výzvy IKT v podmienkach retailu, čoho súčasťo...

ver descrição completa

Na minha lista:
Detalhes bibliográficos
Autor principal: Lieskovská, Vanda, 1961-
Outros Autores: Petrovčiková, Katarína, 1977-, Dudáš-Pajerská, Erika, 1988-, Daneshjo, Naqibullah, 1964-
Formato: Capítulo de Livro
Idioma:eslovaco
Assuntos:
Tags: Adicionar Tag
Sem tags, seja o primeiro a adicionar uma tag!

MARC

LEADER 00000naa$a2200000$$$4500
001 0267882
005 20240502074213.1
041 0 |a slo 
044 |a SK 
245 1 0 |a Informačné a komunikačné technológie (IKT) v obchode a marketingu  |c Vanda Lieskovská, Katarína Petrovčiková, Erika Dudáš-Pajerská, Naqibullah Daneshjo 
520 |a Problematika zavádzania informačných a komunikačných technológií do maloobchodnej činnosti, rovnako ako aj do marketingových aktivít s dôrazom na výkonnosť, ale aj bezpečnosť. Efektívnosť IKT riešení v elektronických odbytových kanáloch, ako aj adaptačné výzvy IKT v podmienkach retailu, čoho súčasťou sú aj online platby v kontexte spotrebiteľského správania. 
610 2 0 |a technológie informačné 
610 2 0 |a technológie komunikačné 
610 2 0 |a marketing 
610 2 0 |a spotrebitelia 
610 2 0 |a platby elektronické 
100 1 |a Lieskovská, Vanda, 1961- 
700 1 |a Petrovčiková, Katarína, 1977- 
700 1 |a Dudáš-Pajerská, Erika, 1988- 
700 1 |a Daneshjo, Naqibullah, 1964-